=LDR 00000nam 2200000 4500 =001 INLIS000000000809901 =005 20260414022511 =035 ##$$a 0010-0925000026 =008 260414###########################0#ind## =245 1#$$a Jawaban-Jawaban Ilmiyah Terhadap Syubhat Kontemporer =260 ##$:$b Darul Haq =084 ##$$a 297.124 DR. j =020 ##$$a 9786026845252 =082 ##$$a 297.124 =100 #$$a Dr. Ahmad bin Abdurrahman Al-Qadhi